Polskie wynalazki - nagła śmierć - Statystyki

Ogólne statystyki
  • Ten quiz został rozwiązany 85 razy
  • Średni wynik to 4 z 15
Answers on the Grid
Answers color-coded by a green-red scale on the quiz's grid according to % correct below.
Aeroskop
Aktogram
Cykloskop
Lampa naftowa
Paprykarz szczeciński
Kabina prysznicowa
Bomba kryptologiczna
Ebuliometr
Lampa solna
Dach krakowski
Izohelia
Blindtouch
Trylinka
Slidepad
Telektroskop
Teleskop
Maszyna do pisania
Sterowiec
Balon na ogrzane powietrze
Gilotyna
Kolej żelazna
Mikroskop
Radar
Magnetofon
Fotografia kolorowa
Silnik spalinowy
Maszyna do szycia
Termowizor
Fotokomórka
Kalkulator elektroniczny
 
Statystyki odpowiedzi
Odpowiedź % Poprawnych
Lampa naftowa
71%
Paprykarz szczeciński
68%
Dach krakowski
56%
Bomba kryptologiczna
27%
Lampa solna
24%
Trylinka
20%
Aktogram
17%
Aeroskop
15%
Telektroskop
15%
Izohelia
12%
Kabina prysznicowa
12%
Cykloskop
10%
Ebuliometr
10%
Blindtouch
7%
Slidepad
5%
Nie znaleziono quizów pasujących do podanych kryteriów
Rozkład punktacji
Procent ludzi z każdym wynikiem
Percentyl według liczby udzielonych odpowiedzi
Twoja historia wyników
Nie rozwiązałeś tego quizu